000 00689nam a22002177a 4500
005 20251108165901.0
008 250721s1998 xx 000 0 ara d
082 1 4 _aم/636.1/ادو
100 1 _aادوارد، الوين هارتلي
245 1 0 _aالموسوعة الشاملة لأشهر سلالات الخيول /
246 1 1 _athe ultimate horse book
264 1 _aابو ظبي :
_bالمجمع الثقافي،
_c1998.
300 _a237ص :مص
650 1 7 _aالخيول
650 1 7 _aالأنسال
650 1 7 _aسباق الخيول
650 1 7 _aالموسوعات
700 1 _aالشيخ عوض، عثمان
_eترجمة
942 _2ddc
_cREF
999 _c33824
_d33824